000 00507cam a22001814a 4500
020 _a013066183X
040 _cDLC
082 0 0 _a657 PRE 2003 C149 Or.
245 0 0 _aAdvanced accounting /
250 _a8th ed.
260 _aUpper Saddle River, N.J. :
_bPrentice Hall,
_cc2003.
300 _axx, 744 [18] p. ;
_c29 cm.
500 _aRev. ed. of: Advanced accounting / Floyd A. Beams. 7th ed. c2000.
650 0 _aAccounting.
700 1 _aBeams, Floyd A.
700 1 _aBeams, Floyd A.
942 _cAEDBB
999 _c18650
_d18650